000 00736nam a2200277Ia 4500
005 20260324114449.0
008 008 260324s9999 xx 000 0 eng d
020 _a9781003355946
037 _aEBOOK
040 _aCRL
040 _beng
040 _cCRL
041 _2eng
041 _aeng
084 _qCRL
100 _aSundresan Perumal; Mujahid Tabassum; Moolchand Sharma; Saju Mohanan
_91150872
245 0 _aNext Generation Communication Networks for Industrial Internet of Things Systems
260 _bTaylor and Francis
260 _c2022
365 _a
365 _b275
856 _uhttp://www.taylorfrancis.com/books/9781003355946
942 _cEBOOK
999 _c1741080
_d1741080